| 000 | 00631nam a2200193 4500 | ||
|---|---|---|---|
| 999 |
_c171910 _d171910 |
||
| 005 | 20200123121734.0 | ||
| 010 | _aENG-127525 | ||
| 020 |
_c1395.00 _a9789382730569 |
||
| 035 | _aEN-111057 | ||
| 037 | _bDBAD/PUB | ||
| 082 | _a333.709 | ||
| 100 | _aChavan,Udhav Eknath | ||
| 245 |
_aGeography of Enviroment and Natural Calamities/ _cby Udhav Eknath Chavan |
||
| 260 |
_aKanpur _bGarima Prakashan _c2019 |
||
| 270 |
_a1st floor, Mayur Park, Basant Vihar Naubasta _bKanpur _e208021 |
||
| 300 |
_avi;328p. _c22cm(hb) |
||
| 500 | _aincludes bibliographical references and index | ||
| 942 |
_2ddc _cEN _h333.709 _mCHA |
||